000
002440000a22000970004500
100
1
_a
Hamilton, Tim
245
1
0
_a
Cold comfort : No welcome mat for asylum seekers
300
_a
Num. 14, (2000), Páginas 18-20
773
0
_t
Teartimes
942
_c
ANA
999
_c
55893
_d
55893